US Airport Codes - Statistics

General Stats
  • This quiz has been taken 103 times
  • The average score is 10 of 20
Answer Stats
Hint Answer % Correct
Dallas-Fort Worth DFW
90%
O'Hare International ORD
83%
Dallas Love Field DAL
77%
Houston Hobby HOU
69%
Orlando International MCO
67%
Dulles International IAD
66%
Chicago Midway MDW
63%
Fort Lauderdale-Hollywood FLL
61%
Reagan National DCA
59%
Nashville International BNA
57%
Bush Intercontinental IAH
54%
Hollywood Burbank Airport BUR
43%
Cincinnati-Northern Kentucky CVG
39%
John Wayne Airport SNA
33%
Norfolk International ORF
30%
John Glenn Columbus CMH
29%
Key West International EYW
27%
Southwest Florida International RSW
26%
Phoenix Mesa Gateway AZA
16%
Eastern Iowa Airport CID
16%
No matching quizzes found
Score Distribution
Percent of People with Each Score
Percentile by Number Answered
Your Score History
You have not taken this quiz